|
|
|
|
| LEADER |
00000nac a2200000 i 4500 |
| 003 |
eccuu |
| 005 |
20230516155017.0 |
| 006 |
a||||gr|||| 001 0b |
| 007 |
ta |
| 008 |
230516t2021 |||||||gr|||| 001 0 spa a |
| 020 |
|
|
|a 978-9942-604-05-7
|
| 040 |
|
|
|a eccuu
|b spa
|c eccuu
|e rda
|
| 041 |
|
|
|a spa
|
| 082 |
0 |
|
|2 22
|a 700.452 2
|c 36398758
|
| 100 |
1 |
|
|e autor
|d 1974-
|a Guzmán, Ivonne.
|9 309628
|
| 245 |
1 |
3 |
|a La pintura social:
|b tres mujeres en el mundo del arte de los años 30 /
|c Ivonne Guzmán.
|
| 246 |
0 |
1 |
|a ALba Calderón, Germania Paz y Miño y Piedad Paredes:
|b la pintura social cómo medio de acceso a campo artístico de tres mujeres en el Ecuador de la década de 1930.
|
| 250 |
|
|
|a Primera edición.
|
| 264 |
|
1 |
|a Quito:
|b Editorial Universidad Andina Simón Bolivar sede Ecuador,
|c 2021.
|
| 300 |
|
|
|a 125 páginas:
|c 21 cm
|
| 336 |
|
|
|2 rdacontent
|a texto
|b txt
|
| 337 |
|
|
|2 rdamedia
|a no mediado
|b n
|
| 338 |
|
|
|2 rdacarrier
|a volumen
|b nc
|
| 490 |
1 |
|
|a Serie Magíster.
|v Vol.322
|
| 502 |
|
|
|a Tesis para la obtención del título de
|b magíster en Historia.
|
| 650 |
1 |
7 |
|2 eccuu
|9 309629
|a Artistas plásticas.
|
| 650 |
1 |
7 |
|2 eccuu
|9 426
|a Arte ecuatoriano
|
| 651 |
|
|
|2 UCuenca-cdrjbv
|
| 942 |
|
|
|2 ddc
|c CR
|z wilman.tandazo@ucuenca.edu.ec
|
| 999 |
|
|
|c 162236
|d 162236
|